1873 1013 1746 1309 1251 1467 1618 1720 1148 1833 1796 1904 1921 1362 1069 1481 1577 1885 1375 1250 1303 1716 1813 1022 1140 1226 1512 1338 1001 1340 1774 1012 1316 1673 1091 1318 1640 1315 1470 1413 1193 1546 1769 1138 1584 1841 1300 1709 1750 1308 1304 1236 1660 1396 1890 1741 1447 1788 1170 1986 1404 1111 1679 1320 1201 1270 1254 1449 1058 1044 1654 1031 1071 1317 1745 1996 1128 1854 1927 1236 1803 1634 1012 1972 1929 1019 1802 1684 1871 1113 1303 1765 1215 1238 1792 1271 1981 1651 1989 BCNSPRNW ULIB Ver.6.0+V

เปลี่ยนเป็นภาษาไทย

Change to English
 แสดงรายละเอียดบรรณานุกรม
  กลับหน้าหลัก

Brief Record : Get Marc (ISO 2709) : E-mail record : QR code < ปิดหน้าต่าง
LEADER : 00000nam 2200000uu 4500
001    13399124581
003     ULIB
008    020711s2015 th a 000 0 eng d
020    9781259253973
060    WY26.5^bS111E
100    Virginia K. Saba
245    ESSENTIALS OF NURSING INFORMATICS./^cVirginia K. Saba,Kathleen Ann McCormick
250    6th ed
260     ^bMcgraw Hill,^c2015
300    886 pages;^b23 cm
650    Nursing information.
700    Kathleen Ann McCormick.
945    ^p0^l0^i23199
945    ^p0^l0^i23200
รายการนี้ยังไม่มีแท็ก
คุณยังไม่ได้ล็อกอิน คุณสามารถมีกิจกรรมร่วมกับเว็บไซต์ได้ แต่ต้องล็อกอินก่อน ::
  ล็อกอิน

รายการสื่อสารสนเทศ

ลำดับที่ ประเภท เลขเรียก/บาร์โค้ด สถานที่ สถานะ
1. Book การพยาบาล
หนังสือสำรอง
สถานะ=หนังสือสำรอง
WY26.5 S111E ฉ.1 
  Barcode: 23199
ห้องสมุดวิทยาเขตนครสวรรค์
►หนังสือทั่วไป:l:General Books
บนชั้น
2. Book การพยาบาล
Book การพยาบาล
WY26.5 S111E ฉ.2 
  Barcode: 23200
ห้องสมุดวิทยาเขตนครสวรรค์
►หนังสือทั่วไป:l:General Books
บนชั้น

รายการใกล้เคียง
    หัวเรื่อง [Nursing information.]

BibComment


ยังไม่เคยถูกคอมเมนท์

คอมเมนท์ทรัพยากรรายการนี้
  คอมเมนท์: ESSENTIALS OF NUR..


 Copyright 2026. Bcnsprnw @Library